000 00389nam a2200157Ia 4500
003 GCL
008 140319s9999 xx 000 0 eng d
040 _aGCL /
_cGCL
082 0 4 _aCH
_b843.02
_bB C
100 1 _aBAYARD, POCHE
245 1 0 _aALLEZ PAPA TUJOUES /
_cBAYARD, POCHE
260 _a[S.N] :
_bBAYARD POCHE
650 0 4 _aSTORIES
650 0 4 _aCHILDREN - STORIES
942 _2ddc
_cBK
999 _c24021
_d24021